00525nam a2200193 a 4500001001300000003000900013005001700022008004100039020002500080082001500105100001900120245003200139260005000171300000900221500003500230505001000265650003700275700001900312nice12345678IN_TiNIC20260116013103.0050524s1990 cama grp 000 0 eng  a0521499 c958.300a270.2bMAR aMarkus, Robert aEnd of Ancient Christianity aCambridge bCambridge University Press c1990 a258p aincludes index and biblioraphy2 aIndex aChurch-History Primitive & Early1 aMarkus, Robert